000 00475nam a2200181Ia 4500
003 LK-CoDNM
005 20240316145942.0
008 010623t1929 xxu||||| |||| 00| 1 sin d
040 _aLK-CoDNM
_dLK-CoDNM
_eLK-CoDNM
041 _asin
080 _a104 HH9
100 _aNandarathana thero,Tihagoda
245 _aළමා ජීවිත කථා
246 _aStories of Child Life
260 _bL.D.Luvis
_aKandy
_c1929
300 _bDamaged
_a52p.,22 cm
942 _cBK
999 _c95126
_d95126